Statistics for Coffees by Country

Click here to take the quiz!

General Stats

  • This quiz has been taken 69 times
  • The average score is 5 of 16

Answer Stats

CoffeeCountry% Correct
Java JampitIndonesia
81%
KonaUnited States
58%
SantosBrazil
56%
MaracaiboVenezuela
37%
Blue MountainJamaica
33%
HuehuetenangoGuatemala
28%
LintongIndonesia
28%
SidamoEthiopia
26%
MandhelingIndonesia
26%
PopayanColombia
23%
Tuj san Marcos de TarrazuCosta Rica
21%
Funca de Tres RiosCosta Rica
21%
ChaggaTanzania
14%
SkyburyAustralia
12%
TurquinoCuba
9%
KivoCongo
7%

Score Distribution

Percentile by Number Answered

Percent of People with Each Score

Your Score History

You have not taken this quiz